Leopoldo de Luis / (Record no. 14213)
[ view plain ]
| 000 -LEADER | |
|---|---|
| campo de control de longitud fija | 00742nam a2200217 i 4500 |
| 001 - NÚMERO DE CONTROL | |
| campo de control | 14213 |
| 003 - IDENTIFICADOR DE NÚMERO DE CONTROL | |
| campo de control | ES-MaACL |
| 005 - FECHA Y HORA DE LA ÚLTIMA TRANSACCIÓN | |
| campo de control | 20240607062952.0 |
| 007 - CAMPO FIJO DE DESCRIPCIÓN FÍSICA--INFORMACIÓN GENERAL | |
| campo de control de longitud fija | t| |
| 008 - DATOS DE LONGITUD FIJA--INFORMACIÓN GENERAL | |
| campo de control de longitud fija | 980702s1982 sp |||| | spa j |
| 020 ## - NÚMERO INTERNACIONAL ESTÁNDAR DEL LIBRO | |
| Número Internacional Estándar del Libro | 84-7483-266-7 |
| 080 ## - NÚMERO DE LA CLASIFICACIÓN DECIMAL UNIVERSAL | |
| Número de la Clasificación Decimal Universal | 821.134.2-14"19" |
| 100 1# - ENTRADA PRINCIPAL--NOMBRE DE PERSONA | |
| Nombre de persona | Luis, Leopoldo de, |
| Fechas asociadas al nombre | 1918-2005 |
| 9 (RLIN) | 74682 |
| 245 10 - MENCIÓN DEL TÍTULO | |
| Título | Leopoldo de Luis / |
| Mención de responsabilidad, etc. | [edición de] Concha Zardoya. |
| 260 ## - PUBLICACIÓN, DISTRIBUCIÓN, ETC. | |
| Lugar de publicación, distribución, etc. | [Madrid] : |
| Nombre del editor, distribuidor, etc. | Dirección General de Promoción del Libro y la Cinematografía, |
| Fecha de publicación, distribución, etc. | [1982] |
| 300 ## - DESCRIPCIÓN FÍSICA | |
| Extensión | 165 p. : |
| Otras características físicas | il. ; |
| Dimensiones | 18 cm. |
| 700 1# - ENTRADA AGREGADA--NOMBRE PERSONAL | |
| Nombre de persona | Zardoya, Concha, |
| Fechas asociadas al nombre | 1914-2004 |
| 9 (RLIN) | 118071 |
| 710 1# - ENTRADA AGREGADA--NOMBRE DE ENTIDAD CORPORATIVA | |
| Nombre de entidad corporativa o nombre de jurisdicción como elemento de entrada | España. |
| Unidad subordinada | Dirección General de Promoción del Libro y la Cinematografía. |
| 9 (RLIN) | 3772 |
| 852 ## - LOCALIZACIÓN | |
| Ubicación | ES-MaACL |
| Número de control de estantería | L-21459 |
| Estatus retirado | Estado de pérdida | Estado de daño | No para préstamo | Biblioteca de origen | Biblioteca actual | Ubicación en estantería | Fecha de adquisición | Fuente de adquisición | Total de préstamos | Signatura topográfica completa | Código de barras | Visto por última vez | Precio de reemplazo | Tipo de ítem Koha |
|---|---|---|---|---|---|---|---|---|---|---|---|---|---|---|
| Biblioteca del Ateneo de Madrid | Biblioteca del Ateneo de Madrid | Depósito 2 | 17/01/2008 | L-21459 | 1014459 | 23/02/2023 | 23/02/2023 | Libro impreso |
